| 000 | 00937cam a2200241 a 4500 | ||
|---|---|---|---|
| 001 | 14951719 | ||
| 005 | 20250815114403.0 | ||
| 008 | 070801s2008 paua db 001 0 eng | ||
| 020 | _a9780781776189 | ||
| 020 | _a078177618X | ||
| 050 | 0 | 0 |
_aR121 _b.S8 2008 |
| 082 | 0 | 0 |
_a610.3 _222 |
| 245 | 0 | 0 | _aStedman's medical dictionary for the health professions and nursing. |
| 250 | _aIllustrated 6th ed. | ||
| 260 |
_aPhiladelphia : _bWolters Kluwer Health/Lippincott Williams & Wilkins, _cc2008. |
||
| 300 |
_axl, 1696, 589 p. : _bill. (some col.) ; _c24 cm. + _e1 CD-ROM (4 3/4 in.) |
||
| 650 | 0 |
_aMedicine _vDictionaries. |
|
| 650 | 1 | 2 |
_aMedicine _vDictionary _xEnglish. |
| 700 | 1 |
_aStedman, Thomas Lathrop, _d1853-1938. |
|
| 856 | 4 | 1 |
_3Table of contents only _uhttp://www.loc.gov/catdir/toc/ecip0724/2007031761.html |
| 856 | 4 | 2 |
_3Publisher description _uhttp://www.loc.gov/catdir/enhancements/fy0811/2007031761-d.html |
| 942 |
_2lcc _cREF _n0 |
||
| 999 |
_c7273 _d7273 |
||